Determinantes económicos y sociales de la mortalidad en América Latina /

Bewaard in:
Bibliografische gegevens
Hoofdauteur: Behm, Hugo
Formaat: Texto
Onderwerpen:
Tags: Voeg label toe
Geen labels, Wees de eerste die dit record labelt!

MARC

LEADER 00000 a a2200000 04500
001 47449
003
040
090 |a REV0857 5 (12) 1979  
100 |a Behm, Hugo  
245 |a Determinantes económicos y sociales de la mortalidad en América Latina /  |c Hugo Behm  
650 |a TASAS DE MORTALIDAD  
650 |a ASPECTOS ECONOMICOS  
650 |a ASPECTOS SOCIALES  
650 |a AMERICA LATINA  
650 |a CLASES SOCIALES  
773 |g volumen5, número12, enero-abril (1979)  
999 |c 39867  |d 39867